Topológia a hierarchia osobných počítačov v ASRP výskumná úloha spracované pre VSŽ, n.p. Košice, oponovaná v roku 1988

Enregistré dans:
Détails bibliographiques
Auteur principal: Čarnický, Štefan
Autres auteurs: Dudinská, Elvíra, Kiš, Jaroslav
Format: Livre
Langue:slovaque
Publié: Košice 1988
Sujets:
Tags: Ajouter un tag
Pas de tags, Soyez le premier à ajouter un tag!

MARC

LEADER 00000nam$a2200000$$$4500
001 0112218
005 20240502072238.9
041 0 |a slo 
044 |a SK 
245 1 0 |a Topológia a hierarchia osobných počítačov v ASRP  |b výskumná úloha spracované pre VSŽ, n.p. Košice, oponovaná v roku 1988  |c vedúci projektu Štefan Čarnický 
264 1 |a Košice  |c 1988 
300 |a 66 s. 
610 2 0 |a počítače osobné 
610 2 0 |a systémy informačné riadiace 
100 1 |a Čarnický, Štefan 
700 1 |a Dudinská, Elvíra 
700 1 |a Kiš, Jaroslav